Caricamento...

World list of Scientific periodicals. Published in the years 1900-1960 /

Dettagli Bibliografici
Autore principale: Brown, Peter
Altri autori: Stratton, George Burder (Redattore)
Lingua:Undetermined
Pubblicazione: 1963.
Edizione:4th ed.
Soggetti:
LEADER 00543nam a2200169Ia 4500
001 10512
008 170722s9999 xx 000 0 und d
100 |a Brown, Peter 
245 |a World list of Scientific periodicals. Published in the years 1900-1960 / 
250 |a 4th ed. 
260 |c 1963. 
653 |a Bibliography 
653 |a Science 
700 |a Stratton, George Burder  |e editor. 
942 |c GEN 
999 |c 65276  |d 65276 
952 |0 0  |1 0  |4 0  |6 AA_4611N_K3_1_RB  |7 0  |9 92711  |a LIB  |b LIB  |d 2013-03-25  |o Aa46,11,N K3.1, RB  |p 104639  |r 2017-08-12  |w 2017-08-12  |y GEN